Spon's civil engineering and highway works price book 2005 (Record no. 103777)

MARC details
000 -LEADER
fixed length control field 01808cam a2200505 4500
001 - CONTROL NUMBER
control field L127412
008 - FIXED-LENGTH DATA ELEMENTS--GENERAL INFORMATION
fixed length control field 040915n2005 000 0 eng u
020 ## - INTERNATIONAL STANDARD BOOK NUMBER
International Standard Book Number 0415348412
022 ## - INTERNATIONAL STANDARD SERIAL NUMBER
International Standard Serial Number 0957-171X
035 ## - SYSTEM CONTROL NUMBER
System control number (Sirsi) u127412
041 ## - LANGUAGE CODE
Language code of text/sound track or separate title eng
050 ## - LIBRARY OF CONGRESS CALL NUMBER
Classification number 624.05
-- 18
245 ## - TITLE STATEMENT
Title Spon's civil engineering and highway works price book 2005
250 ## - EDITION STATEMENT
Edition statement 19th ed.
260 ## - PUBLICATION, DISTRIBUTION, ETC.
Place of publication, distribution, etc. Abingdon
Name of publisher, distributor, etc. Spon Press
Date of publication, distribution, etc. 2005
300 ## - PHYSICAL DESCRIPTION
Extent xxiii,760p.
Dimensions 26cm.
350 ## - PRICE (NR) (BK AM CF MU VM SE) [OBSOLETE]
Price 114
505 ## - FORMATTED CONTENTS NOTE
Formatted contents note Part 1: general
505 ## - FORMATTED CONTENTS NOTE
Formatted contents note Part 2: preliminaries and general items
505 ## - FORMATTED CONTENTS NOTE
Formatted contents note Part 3: resources
505 ## - FORMATTED CONTENTS NOTE
Formatted contents note Part 4: unit costs (civil engineering works)
505 ## - FORMATTED CONTENTS NOTE
Formatted contents note Part 5: unit costs (highway works)
505 ## - FORMATTED CONTENTS NOTE
Formatted contents note Part 6: land remediation
505 ## - FORMATTED CONTENTS NOTE
Formatted contents note Part 7: unit costs (ancillary building works)
505 ## - FORMATTED CONTENTS NOTE
Formatted contents note Part 8: oncosts and profits
505 ## - FORMATTED CONTENTS NOTE
Formatted contents note Part 9: costs and tender price indices
505 ## - FORMATTED CONTENTS NOTE
Formatted contents note Part 10: daywork
505 ## - FORMATTED CONTENTS NOTE
Formatted contents note Part 11: professional fees
505 ## - FORMATTED CONTENTS NOTE
Formatted contents note Part 12: approximate estimates
505 ## - FORMATTED CONTENTS NOTE
Formatted contents note Part 13: outputs
505 ## - FORMATTED CONTENTS NOTE
Formatted contents note Part 14: tables and memoranda
505 ## - FORMATTED CONTENTS NOTE
Formatted contents note Part 15: updates
520 ## - SUMMARY, ETC.
Summary, etc. The latest edition of this standard price book provides costs for both general and civil engineering works and highway works, and shows a full breakdown of labour, plant and material elements.
520 ## - SUMMARY, ETC.
Summary, etc. There is a separate CD-Rom (L145085) for reference use in the Library.
520 ## - SUMMARY, ETC.
Summary, etc. Superseded by twenty first edition (ISBN 0415393817)
650 ## - SUBJECT ADDED ENTRY--TOPICAL TERM
Topical term or geographic name entry element BUILT ENVIRONMENT-BUILDING COSTS
650 ## - SUBJECT ADDED ENTRY--TOPICAL TERM
Topical term or geographic name entry element BUILDING PRICE BOOKS
650 ## - SUBJECT ADDED ENTRY--TOPICAL TERM
Topical term or geographic name entry element CIVIL ENGINEERING
650 ## - SUBJECT ADDED ENTRY--TOPICAL TERM
Topical term or geographic name entry element HIGHWAY WORKS
650 ## - SUBJECT ADDED ENTRY--TOPICAL TERM
Topical term or geographic name entry element SPONS PRICE BOOKS
690 ## - LOCAL SUBJECT ADDED ENTRY--TOPICAL TERM (OCLC, RLIN)
Topical term or geographic name as entry element BUILT ENVIRONMENT-BUILDING COSTS
710 ## - ADDED ENTRY--CORPORATE NAME
Corporate name or jurisdiction name as entry element Davis Langdon
International Standard Serial Number Editor
9 (RLIN) 4649
942 ## - ADDED ENTRY ELEMENTS (KOHA)
Suppress in OPAC 0
Holdings
Withdrawn status Lost status Source of classification or shelving scheme Damaged status Not for loan Home library Current library Shelving location Date acquired Cost, normal purchase price Total Checkouts Full call number Barcode Date last seen Copy number Cost, replacement price Price effective from Koha item type
    Dewey Decimal Classification     London London Basement 19/10/2004 96.90   BASEMENT 30069604 06/08/2019 1 96.90 06/08/2019 Reference material